বাংলাদেশে পুস্তক প্রকাশনা / (Record no. 78162)
[ view plain ]
| 000 -LEADER | |
|---|---|
| fixed length control field | 00860nam a22002177a 4500 |
| 003 - CONTROL NUMBER IDENTIFIER | |
| control field | BD-DhUL |
| 005 - DATE AND TIME OF LATEST TRANSACTION | |
| control field | 20210825150159.0 |
| 008 - FIXED-LENGTH DATA ELEMENTS--GENERAL INFORMATION | |
| fixed length control field | 160613s1993 bg a|||| |||| 001 0 ben |
| 020 ## - INTERNATIONAL STANDARD BOOK NUMBER | |
| International Standard Book Number | 9840501380 (hbk) |
| 040 ## - CATALOGING SOURCE | |
| Original cataloging agency | BD-DhUL |
| Transcribing agency | BD-DhUL |
| 082 ## - DEWEY DECIMAL CLASSIFICATION NUMBER | |
| Classification number | 070.5 |
| Item number | AHB |
| 100 1# - MAIN ENTRY--PERSONAL NAME | |
| Personal name | আহমেদ, মহিউদ্দিন । |
| 245 00 - TITLE STATEMENT | |
| Title | বাংলাদেশে পুস্তক প্রকাশনা / |
| Statement of responsibility, etc. | মহিউদ্দিন আহমেদ । |
| 260 ## - PUBLICATION, DISTRIBUTION, ETC. (IMPRINT) | |
| Place of publication, distribution, etc. | ঢাকা : |
| Name of publisher, distributor, etc. | ইউনিভার্সিটি প্রেস, |
| Date of publication, distribution, etc. | ১৯৯৩। |
| 300 ## - PHYSICAL DESCRIPTION | |
| Extent | [৮], ১২০ পৃ. : |
| Other physical details | চিত্র ; |
| Dimensions | ২২ সেমি. |
| 365 ## - TRADE PRICE | |
| Price type code | BDT |
| Price amount | 100.00 |
| 500 ## - GENERAL NOTE | |
| General note | নির্ঘন্ট সংবলিত । |
| 650 #0 - SUBJECT ADDED ENTRY--TOPICAL TERM | |
| Topical term or geographic name as entry element | পুস্তক প্রকাশনা । |
| 650 #0 - SUBJECT ADDED ENTRY--TOPICAL TERM | |
| Topical term or geographic name as entry element | Book publication. |
| 942 ## - ADDED ENTRY ELEMENTS (KOHA) | |
| Source of classification or shelving scheme | |
| Koha item type | Books |
| Price effective from | Date last seen | Permanent Location | Not for loan | Date acquired | Source of classification or shelving scheme | Koha item type | Lost status | Withdrawn status | Copy number | Source of acquisition | Collection code | Damaged status | Shelving location | Barcode | Current Location | Full call number |
|---|---|---|---|---|---|---|---|---|---|---|---|---|---|---|---|---|
| 2016-06-13 | 2016-06-13 | Dhaka University Library | 2016-05-16 | Books | 1 | Purchased | Non Fiction | General Stacks | 494847 | Dhaka University Library | 070.5 AHB | |||||
| 2016-06-13 | 2016-06-13 | Dhaka University Library | 2016-05-16 | Books | 2 | Purchased | Non Fiction | General Stacks | 494848 | Dhaka University Library | 070.5 AHB | |||||
| 2016-06-13 | 2016-06-13 | Dhaka University Library | 2016-05-16 | Books | 3 | Purchased | Non Fiction | General Stacks | 494849 | Dhaka University Library | 070.5 AHB | |||||
| 2021-06-22 | Dhaka University Library | 2020-12-21 | Books | 4 | Purchased | Non Fiction | General Stacks | 519441 | Dhaka University Library | 070.5 AHB | ||||||
| 2021-06-22 | Dhaka University Library | 2020-12-21 | Books | 5 | Purchased | Non Fiction | General Stacks | 519442 | Dhaka University Library | 070.5 AHB |
